Wind energy conversion, 1985 : (Record no. 145286)

MARC details
000 -LEADER
fixed length control field 00839cam a2200241Ja 4500
008 - FIXED-LENGTH DATA ELEMENTS--GENERAL INFORMATION
fixed length control field
020 ## - INTERNATIONAL STANDARD BOOK NUMBER
International Standard Book Number 0852985762
049 ## - LOCAL HOLDINGS (OCLC)
Holding library MAIN
090 ## - LOCALLY ASSIGNED LC-TYPE CALL NUMBER (OCLC); LOCAL CALL NUMBER (RLIN)
Classification number (OCLC) (R) ; Classification number, CALL (RLIN) (NR) TK1541
Local cutter number (OCLC) ; Book number/undivided call number, CALL (RLIN) BRI
003 - CONTROL NUMBER IDENTIFIER
control field
005 - DATE AND TIME OF LATEST TRANSACTION
control field 20230123133239.0
040 ## - CATALOGING SOURCE
Transcribing agency NUST
110 2# - MAIN ENTRY--CORPORATE NAME
Corporate name or jurisdiction name as entry element British Wind Energy Association.
Subordinate unit Conference
Number of part/section/meeting (7th :
Date of meeting or treaty signing 1985 :
Location of meeting Oxford, England)
245 10 - TITLE STATEMENT
Title Wind energy conversion, 1985 :
Remainder of title proceedings of the 7th British Wind Energy Association. Conference, Oxford 27-29 March 1985 /
Statement of responsibility, etc. edited by A. Garrad.
260 ## - PUBLICATION, DISTRIBUTION, ETC.
Place of publication, distribution, etc. London :
Name of publisher, distributor, etc. Mechanical Engineering Publications,
Date of publication, distribution, etc. 1985.
300 ## - PHYSICAL DESCRIPTION
Extent 314 p. :
Other physical details ill. ;
Dimensions 31 cm.
504 ## - BIBLIOGRAPHY, ETC. NOTE
Bibliography, etc. note Includes bibliographies.
650 #0 - SUBJECT ADDED ENTRY--TOPICAL TERM
Topical term or geographic name entry element Wind power
Form subdivision Congresses.
653 ## - INDEX TERM--UNCONTROLLED
Uncontrolled term Wind power
700 1# - ADDED ENTRY--PERSONAL NAME
Personal name Garrad, A.
907 ## - LOCAL DATA ELEMENT G, LDG (RLIN)
a .b10063262
b 21-03-13
c 17-04-03
942 ## - ADDED ENTRY ELEMENTS (KOHA)
Koha item type Ordinary Loan Books
Call number prefix TK1541
Call number suffix BRI
Holdings
Date last seen Total Checkouts Full call number Barcode Cost, replacement price Price effective from Koha item type Lost status Source of classification or shelving scheme Damaged status Not for loan Collection Withdrawn status Home library Current library Shelving location Date acquired Cost, normal purchase price
01/23/2023   TK1541 WIN 92003017991 80.00 01/23/2023 BOOKS   LCC     NFIC   MAIN MAIN GEN 01/23/2023 80.00